| 000 | 00609nam a2200241 a 4500 | ||
|---|---|---|---|
| 001 | nice12345678 | ||
| 003 | IN_TiNIC | ||
| 005 | 20260116011446.0 | ||
| 008 | 050524s0000 woka grp 000 0 eng | ||
| 020 |
_a _c0 |
||
| 082 | 0 | 0 |
_a297.86 _bKAM6 |
| 100 | _aKamal-Ud-Din, Al-Haj Khwaja | ||
| 245 | _aRiddles of Life Kismet. | ||
| 260 |
_aWoking _bWoking Muslim Mission and Literary Trust _c0000 |
||
| 300 | _a10p | ||
| 500 | _aincludes index and biblioraphy | ||
| 505 | 2 | _aindex | |
| 650 | _aAhmadiyyah | ||
| 700 | 1 | _aKamal-Ud-Din, Al-Haj Khwaja | |
| 902 | _bSRS | ||
| 942 | _cBK | ||
| 999 |
_c1723 _d1723 |
||